000 00363nam a2200169Ia 4500
005 20250603145815.0
008 250603s9999 xx 000 0 und d
020 _a9789780886103
050 _aKP 84.5 .N5/
245 0 _aTax law in Nigeria
260 _aAbuja
260 _bPrinceton
260 _c2013
300 _a719 p
650 _aAbuja
942 _cBK
999 _c42915
_d42915